000 00336nam a2200133 i 4500
001 bg
100 1 _aKŁODNICKA, H.
245 0 _aBaza normatywno-techniczna w działalności informacyjnej /
_cH.KLodnicka.
260 _aWarszawa,
_c1988.
040 _cBPK
041 _apol
942 _cKS
008 s pl f |000 0 pol
999 _c28628
_d28628
856 _uhttp://koha.tu.koszalin.pl/cgi-bin/koha/opac-detail.pl?biblionumber=28628
_yKatalog online BPK